Quiz//#簿記/1 - Statistics

General Stats
  • This quiz has been taken 7 times
  • The average score is 9 of 88
Answer Stats
Question Answer % Correct
立替金 資産
40%
前払費用 資産
40%
差入保証金 資産
40%
電子記録債務 負債
40%
給料 費用
40%
支払手数料 費用
40%
支払家賃 費用
40%
当座預金 資産
20%
受取手形 資産
20%
売掛金 資産
20%
電子記録債権 資産
20%
貸倒引当金 資産
20%
繰越商品 資産
20%
未収入金 資産
20%
仮払金 資産
20%
建物 資産
20%
備品 資産
20%
支払手形 負債
20%
買掛金 負債
20%
未払金 負債
20%
仮受消費税 負債
20%
未払消費税 負債
20%
社会保険料預り金 負債
20%
借入金 負債
20%
役員借入金 負債
20%
繰越利益剰余金 純資産(資本)
20%
仕入 費用
20%
広告宣伝費 費用
20%
旅費交通費 費用
20%
修繕費 費用
20%
支払利息 費用
20%
支払地代 費用
20%
法人税 費用
20%
貸倒引当金繰入 費用
20%
租税公課 費用
20%
固定資産売却益 収益
20%
売上受取家賃 収益
20%
受取地代 収益
20%
受取利息 収益
20%
雑益 収益
20%
現金 資産
0%
普通預金 資産
0%
定期預金 資産
0%
小口現金 資産
0%
クレジット売掛金 資産
0%
貯蔵品 資産
0%
手形貸付金 資産
0%
従業員貸付金 資産
0%
役員貸付金 資産
0%
従業員立替金 資産
0%
前払金 資産
0%
仮払消費税 資産
0%
未収収益 資産
0%
受取商品券 資産
0%
建物減価償却累計額 資産
0%
備品減価償却累計額 資産
0%
車両運搬具 資産
0%
車両運搬具減価償却累計額 資産
0%
土地 資産
0%
前受金 負債
0%
仮受金 負債
0%
未払費用 負債
0%
前受収益 負債
0%
未払配当金 負債
0%
預り金 負債
0%
従業員預り金 負債
0%
所得税預り金 負債
0%
手形借入金 負債
0%
当座借越 負債
0%
資本金利益準備金 純資産(資本)
0%
固定資産売却損 費用
0%
保険料 費用
0%
法定福利費 費用
0%
通信費 費用
0%
消耗品費 費用
0%
水道光熱費 費用
0%
発送費 費用
0%
保管費 費用
0%
諸会費 費用
0%
住民税 費用
0%
事業税 費用
0%
貸倒損失 費用
0%
減価償却費 費用
0%
雑費 費用
0%
雑損 費用
0%
受取手数料 収益
0%
償却債権取立益 収益
0%
貸倒引当金戻入 収益
0%
No matching quizzes found
Score Distribution
Percent of People with Each Score
Percentile by Number Answered
Your Score History
You have not taken this quiz